01018nam a2200277 a 450000500170000000800410001701000140005802000230007203500130009503500170010803700150012503700230014004000180016308200080018110000180018924500880020726000430029527000750033830000300041350000510044352000860049460000370058065000360061765000400065365100470069320080717065509.0071030s2008 ii b 001 0 eng  aENG-91341 a8178271966c450.00 aEN-74874 aB-360061-071 bDBAD / PUB bManak Publications adplbEnglish  a921 aRafiya Nisar, aShaikh-ul-Hind Maulana Mahmud Hasan and Indian freedom movement /cby Rafiya Nisar. aNew Delhi :bManak Publicationsc2008. aB-7, Saraswati Complex, Subhash Chowk, Laxmi Nagar,bNew Delhie110092 axxiv, 152 p. c23 cm (Hb) aIncludes bibliographical references and index. aBiography of Maḥmūdulḥasan, 1851-1920, freedom fighter and Islamic scholar. aMaḥmūdulḥasan,d1851-1920. aNationalistszIndiavBiography. aScholars, MuslimzIndiavBiography. aIndiaxPolitics and governmenty1857-1919.